000 00510nam a2200169Ia 4500
008 191130s2003##################000#0#eng##
020 _a9780199139842
040 _aACL
_cACL
082 _a370.114 BER
100 _aBerry, Shilo
245 _aFireflies: what do you want to be?
_cShilo Berry
260 _aOxford
_bOxford University Press
_c2003
300 _a24 p. : col. ill. ; 22 cm
650 _aProfessions -- Pictorial works
990 _aacaf182aac10000c0605897bc8aafe22
999 _c237066
_d237066